| 000 | 00655nam a2200217 a 4500 | ||
|---|---|---|---|
| 001 | 000018417 | ||
| 005 | 20200929165512.0 | ||
| 008 | 100506s1947 sp 000 f spa d | ||
| 040 |
_aDO-SdBNP _bspa _cBNPHU |
||
| 082 |
_a863.5 _bV162pe |
||
| 100 | 1 |
_aValera, Juan, _d1824-1905. _96833 |
|
| 245 | 1 | 0 |
_aPepita Jiménez / _cJuan Valera ; edición y prólogo de Manuel Azaña. |
| 260 |
_aMadrid : _bEspasa-Calpe, _c1947. |
||
| 300 |
_a229 p. ; _c18 cm. |
||
| 490 | 1 |
_aClásicos castellanos _v80 |
|
| 650 | 4 |
_aNovela española _91123 |
|
| 650 | 4 |
_aLiteratura española _9632 |
|
| 830 | 0 |
_aClásicos castellanos ; _v80. _94180 |
|
| 910 | _aWM | ||
| 049 | _aBNGR | ||
| 999 |
_c17938 _d17938 |
||